000 00756nam a22002177a 4500
003 UA-OsUOA
001 129859
007 ta
008 20180326b un ||||| |||| 00| 0 ukr d
100 _aГриджук Д. М.
090 _a330(477)
_bГ83
942 _cSA
040 _aUA-OsUOA
_bukr
_cUA-OsUOA
_dUA-OsUOA
245 _aРоль конкурентного середовища на ринку банківських послуг у забезпеченні ефективності банківської діяльності
300 _aС.16-23
955 _a0
041 _aukr
080 _a330(477)
773 0 _w129857
_tЕкономіка. Фінанси. Право.
_dК.
_d2018
_g2
650 7 _a330 Економіка взагалі
_2UDC
999 _c417732
_d417732